000 00572nam a2200181 i 4500
001 37091
003 ES-MaACL
005 20230906155513.0
007 t|
008 030220q19101919sp ||||1| spa d
100 1 _aBrumpt, E.
_932133
245 1 0 _aNociones de Parasitología /
_cpor E. Brumpt ; prefacio de R. Blanchard ; traducido por Angel Avilés Rodríguez.
260 _aMadrid :
_b[s.n.,
_c191-?] (
_fImp. La Editora)
300 _a791 p. ;
_c25 cm.
700 1 _aBlanchard, R.
_929144
700 1 _aAvilés Rodríguez, Angel.
_924078
852 _aES-MaACL
_jE-1481
999 _c37091
_d37091